000 00438nam a2200169Ia 4500
008 221030s9999 xx 000 0 und d
020 _a8177000209
041 _aEnglish
082 _a105.23
_bCha
100 _aA. Chakrabarti
245 2 _aA Text Book On Power System Engineering
_cby A. Chakrabarti, M. L. Soni
260 _bDhanpat Rai Pub
_aNew Delhi
_c2002
300 _a1015
650 _aEE
700 _aM. L. Soni
942 _cBK
999 _c3265
_d3265